| 000 | 01138cam a2200301 a 4500 | ||
|---|---|---|---|
| 001 | 13030155 | ||
| 003 | OSt | ||
| 005 | 20151014104837.0 | ||
| 008 | 021213s2003 nyua 001 0 eng | ||
| 010 | _a 2002192513 | ||
| 020 | _a0078290821 | ||
| 040 |
_aDLC _cDLC _dDLC |
||
| 050 | 0 | 0 |
_aPE1115 _b.J27 2003 |
| 082 | 0 | 0 |
_a808/.06665 _221 |
| 100 | 1 | _aJaderstrom, Susan. | |
| 245 | 1 | 0 |
_aBusiness English at work / _cSusan Jaderstrom, Joanne M. Miller. |
| 250 | _a2nd ed. | ||
| 260 |
_aNew York, N.Y. : _bGlencoe/McGraw-Hill, _cc2003. |
||
| 300 |
_axiv, 657 p. : _bcol. ill. ; _c28 cm. |
||
| 500 | _aIncludes index. | ||
| 650 | 0 |
_aEnglish language _xBusiness English _xProblems, exercises, etc. |
|
| 700 | 1 | _aMiller, Joanne. | |
| 856 | 4 | 2 |
_3Publisher description _uhttp://www.loc.gov/catdir/description/mh031/2002192513.html |
| 856 | 4 | 1 |
_3Table of contents _uhttp://www.loc.gov/catdir/toc/mh031/2002192513.html |
| 906 |
_a7 _bcbc _corignew _d1 _eocip _f20 _gy-gencatlg |
||
| 942 |
_2lcc _cBK |
||
| 999 |
_c250615 _d250615 |
||